<?xml version="1.0" encoding="UTF-8"?>
<record
    xmlns:xsi="http://www.w3.org/2001/XMLSchema-instance"
    xsi:schemaLocation="http://www.loc.gov/MARC21/slim http://www.loc.gov/standards/marcxml/schema/MARC21slim.xsd"
    xmlns="http://www.loc.gov/MARC21/slim">

  <leader>12770njm a22010453a 4500</leader>
  <controlfield tag="005">20020122140905.0</controlfield>
  <controlfield tag="008">020122s2000    xxuuun                   </controlfield>
  <datafield tag="010" ind1=" " ind2=" ">
    <subfield code="a">B-329718-774</subfield>
  </datafield>
  <datafield tag="020" ind1=" " ind2=" ">
    <subfield code="a">9788179873618  (v.1)</subfield>
    <subfield code="c">38.00</subfield>
  </datafield>
  <datafield tag="020" ind1=" " ind2=" ">
    <subfield code="a">9788179873724 (v.2)</subfield>
    <subfield code="c">38.00</subfield>
  </datafield>
  <datafield tag="020" ind1=" " ind2=" ">
    <subfield code="a">9788179873731 (v.3)</subfield>
    <subfield code="c">38.00</subfield>
  </datafield>
  <datafield tag="035" ind1=" " ind2=" ">
    <subfield code="a">B-329718-736   (v.1)</subfield>
  </datafield>
  <datafield tag="035" ind1=" " ind2=" ">
    <subfield code="a">B-357839   (v.1)</subfield>
  </datafield>
  <datafield tag="035" ind1=" " ind2=" ">
    <subfield code="a">B-329737-755  (v.2)</subfield>
  </datafield>
  <datafield tag="035" ind1=" " ind2=" ">
    <subfield code="a">B-357840  (v.2)</subfield>
  </datafield>
  <datafield tag="035" ind1=" " ind2=" ">
    <subfield code="a">B-329756-774  (v.3)</subfield>
  </datafield>
  <datafield tag="035" ind1=" " ind2=" ">
    <subfield code="a">B-357841 (v.3)</subfield>
  </datafield>
  <datafield tag="037" ind1=" " ind2=" ">
    <subfield code="b">PUB</subfield>
  </datafield>
  <datafield tag="040" ind1=" " ind2=" ">
    <subfield code="a">dpl</subfield>
    <subfield code="b">English </subfield>
  </datafield>
  <datafield tag="082" ind1=" " ind2=" ">
    <subfield code="a">S</subfield>
  </datafield>
  <datafield tag="245" ind1=" " ind2=" ">
    <subfield code="a">The jungle stories /</subfield>
    <subfield code="c">edited by Rakesh Nath </subfield>
  </datafield>
  <datafield tag="260" ind1=" " ind2=" ">
    <subfield code="c">(200?)</subfield>
    <subfield code="a">New Delhi </subfield>
    <subfield code="b">Vishv Books </subfield>
  </datafield>
  <datafield tag="270" ind1=" " ind2=" ">
    <subfield code="a">M-12, Connaught Circus, </subfield>
    <subfield code="b">New Delhi</subfield>
    <subfield code="e">110001</subfield>
    <subfield code="k">011-41517890</subfield>
    <subfield code="l">mybook@vishvbook.com</subfield>
  </datafield>
  <datafield tag="300" ind1=" " ind2=" ">
    <subfield code="a">3V (32p.; 32p.; 32p.)</subfield>
    <subfield code="b">col. ill. </subfield>
    <subfield code="c">24cm.  (pbk) </subfield>
  </datafield>
  <datafield tag="500" ind1=" " ind2=" ">
    <subfield code="a">This book is published in 3 volumes</subfield>
  </datafield>
  <datafield tag="700" ind1=" " ind2=" ">
    <subfield code="a">Rakesh Nath </subfield>
  </datafield>
  <datafield tag="942" ind1=" " ind2=" ">
    <subfield code="2">ddc</subfield>
    <subfield code="c">CH</subfield>
    <subfield code="h">S</subfield>
    <subfield code="m">JUN</subfield>
  </datafield>
  <datafield tag="999" ind1=" " ind2=" ">
    <subfield code="c">21894</subfield>
    <subfield code="d">21894</subfield>
  </datafield>
  <datafield tag="952" ind1=" " ind2=" ">
    <subfield code="0">0</subfield>
    <subfield code="1">0</subfield>
    <subfield code="2">ddc</subfield>
    <subfield code="3">v.1</subfield>
    <subfield code="4">0</subfield>
    <subfield code="7">0</subfield>
    <subfield code="8">FIC</subfield>
    <subfield code="a">L</subfield>
    <subfield code="b">L</subfield>
    <subfield code="d">2009-06-26</subfield>
    <subfield code="e">Vishv Book/C34544/11.5.09/17/23.4.09/3.6.09</subfield>
    <subfield code="g">38.00</subfield>
    <subfield code="l">0</subfield>
    <subfield code="o">S JUN</subfield>
    <subfield code="p">B-329718</subfield>
    <subfield code="r">2009-01-21 00:00:00</subfield>
    <subfield code="t">1</subfield>
    <subfield code="v">38.00</subfield>
    <subfield code="w">2009-01-21</subfield>
    <subfield code="y">CH</subfield>
    <subfield code="z">v.1</subfield>
  </datafield>
  <datafield tag="952" ind1=" " ind2=" ">
    <subfield code="0">1</subfield>
    <subfield code="1">0</subfield>
    <subfield code="2">ddc</subfield>
    <subfield code="3">v.1</subfield>
    <subfield code="4">0</subfield>
    <subfield code="7">0</subfield>
    <subfield code="8">FIC</subfield>
    <subfield code="a">BL1</subfield>
    <subfield code="b">BL1</subfield>
    <subfield code="d">2009-06-27</subfield>
    <subfield code="e">Vishv Book/C34544/11.5.09/17/23.4.09/3.6.09</subfield>
    <subfield code="g">38.00</subfield>
    <subfield code="l">0</subfield>
    <subfield code="o">S JUN</subfield>
    <subfield code="p">B-329719</subfield>
    <subfield code="r">2009-01-21 00:00:00</subfield>
    <subfield code="t">1</subfield>
    <subfield code="v">38.00</subfield>
    <subfield code="w">2009-01-21</subfield>
    <subfield code="y">CH</subfield>
    <subfield code="z">v.1</subfield>
  </datafield>
  <datafield tag="952" ind1=" " ind2=" ">
    <subfield code="0">0</subfield>
    <subfield code="1">0</subfield>
    <subfield code="2">ddc</subfield>
    <subfield code="3">v.1</subfield>
    <subfield code="4">0</subfield>
    <subfield code="7">0</subfield>
    <subfield code="8">FIC</subfield>
    <subfield code="a">KGM</subfield>
    <subfield code="b">KGM</subfield>
    <subfield code="d">2009-06-27</subfield>
    <subfield code="e">Vishv Book/C34544/11.5.09/17/23.4.09/3.6.09</subfield>
    <subfield code="g">38.00</subfield>
    <subfield code="l">0</subfield>
    <subfield code="o">S JUN</subfield>
    <subfield code="p">B-329720</subfield>
    <subfield code="r">2009-06-27 00:00:00</subfield>
    <subfield code="t">1</subfield>
    <subfield code="v">38.00</subfield>
    <subfield code="w">2009-06-27</subfield>
    <subfield code="y">CH</subfield>
    <subfield code="z">v.1</subfield>
  </datafield>
  <datafield tag="952" ind1=" " ind2=" ">
    <subfield code="0">0</subfield>
    <subfield code="1">5</subfield>
    <subfield code="2">ddc</subfield>
    <subfield code="3">v.1</subfield>
    <subfield code="4">0</subfield>
    <subfield code="7">0</subfield>
    <subfield code="8">FIC</subfield>
    <subfield code="a">PR</subfield>
    <subfield code="b">PR</subfield>
    <subfield code="d">2009-06-27</subfield>
    <subfield code="e">Vishv Book/C34544/11.5.09/17/23.4.09/3.6.09</subfield>
    <subfield code="g">38.00</subfield>
    <subfield code="l">0</subfield>
    <subfield code="o">S JUN</subfield>
    <subfield code="p">B-329721</subfield>
    <subfield code="r">2009-06-27 00:00:00</subfield>
    <subfield code="t">1</subfield>
    <subfield code="v">38.00</subfield>
    <subfield code="y">CH</subfield>
    <subfield code="z">v.1</subfield>
  </datafield>
  <datafield tag="952" ind1=" " ind2=" ">
    <subfield code="0">0</subfield>
    <subfield code="1">0</subfield>
    <subfield code="2">ddc</subfield>
    <subfield code="3">v.1</subfield>
    <subfield code="4">0</subfield>
    <subfield code="7">0</subfield>
    <subfield code="8">FIC</subfield>
    <subfield code="a">TN</subfield>
    <subfield code="b">TN</subfield>
    <subfield code="d">2009-06-27</subfield>
    <subfield code="e">Vishv Book/C34544/11.5.09/17/23.4.09/3.6.09</subfield>
    <subfield code="g">38.00</subfield>
    <subfield code="l">0</subfield>
    <subfield code="o">S JUN</subfield>
    <subfield code="p">B-329722</subfield>
    <subfield code="r">2009-06-27 00:00:00</subfield>
    <subfield code="t">1</subfield>
    <subfield code="v">38.00</subfield>
    <subfield code="w">2009-06-27</subfield>
    <subfield code="y">CH</subfield>
    <subfield code="z">v.1</subfield>
  </datafield>
  <datafield tag="952" ind1=" " ind2=" ">
    <subfield code="0">0</subfield>
    <subfield code="1">0</subfield>
    <subfield code="2">ddc</subfield>
    <subfield code="3">v.1</subfield>
    <subfield code="4">0</subfield>
    <subfield code="7">0</subfield>
    <subfield code="8">FIC</subfield>
    <subfield code="a">CJ</subfield>
    <subfield code="b">CJ</subfield>
    <subfield code="d">2009-06-27</subfield>
    <subfield code="e">Vishv Book/C34544/11.5.09/17/23.4.09/3.6.09</subfield>
    <subfield code="g">38.00</subfield>
    <subfield code="l">0</subfield>
    <subfield code="o">S JUN</subfield>
    <subfield code="p">B-329723</subfield>
    <subfield code="r">2009-06-27 00:00:00</subfield>
    <subfield code="t">1</subfield>
    <subfield code="v">38.00</subfield>
    <subfield code="w">2009-06-27</subfield>
    <subfield code="y">CH</subfield>
    <subfield code="z">v.1</subfield>
  </datafield>
  <datafield tag="952" ind1=" " ind2=" ">
    <subfield code="0">0</subfield>
    <subfield code="1">0</subfield>
    <subfield code="2">ddc</subfield>
    <subfield code="3">v.1</subfield>
    <subfield code="4">0</subfield>
    <subfield code="7">0</subfield>
    <subfield code="8">FIC</subfield>
    <subfield code="a">NRN</subfield>
    <subfield code="b">NRN</subfield>
    <subfield code="d">2009-06-27</subfield>
    <subfield code="e">Vishv Book/C34544/11.5.09/17/23.4.09/3.6.09</subfield>
    <subfield code="g">38.00</subfield>
    <subfield code="l">0</subfield>
    <subfield code="o">S JUN</subfield>
    <subfield code="p">B-329724</subfield>
    <subfield code="r">2009-06-27 00:00:00</subfield>
    <subfield code="t">1</subfield>
    <subfield code="v">38.00</subfield>
    <subfield code="w">2009-06-27</subfield>
    <subfield code="y">CH</subfield>
    <subfield code="z">v.1</subfield>
  </datafield>
  <datafield tag="952" ind1=" " ind2=" ">
    <subfield code="0">0</subfield>
    <subfield code="1">5</subfield>
    <subfield code="2">ddc</subfield>
    <subfield code="3">v.1</subfield>
    <subfield code="4">0</subfield>
    <subfield code="7">0</subfield>
    <subfield code="8">FIC</subfield>
    <subfield code="a">ZLS</subfield>
    <subfield code="b">ZLS</subfield>
    <subfield code="d">2009-06-27</subfield>
    <subfield code="e">Vishv Book/C34544/11.5.09/17/23.4.09/3.6.09</subfield>
    <subfield code="g">38.00</subfield>
    <subfield code="l">13</subfield>
    <subfield code="m">1</subfield>
    <subfield code="o">S JUN</subfield>
    <subfield code="p">B-329725</subfield>
    <subfield code="r">2010-07-03 00:00:00</subfield>
    <subfield code="s">2010-06-18</subfield>
    <subfield code="t">1</subfield>
    <subfield code="v">38.00</subfield>
    <subfield code="y">CH</subfield>
    <subfield code="z">v.1</subfield>
  </datafield>
  <datafield tag="952" ind1=" " ind2=" ">
    <subfield code="0">0</subfield>
    <subfield code="1">0</subfield>
    <subfield code="2">ddc</subfield>
    <subfield code="3">v.1</subfield>
    <subfield code="4">0</subfield>
    <subfield code="7">0</subfield>
    <subfield code="8">FIC</subfield>
    <subfield code="a">RKP</subfield>
    <subfield code="b">RKP</subfield>
    <subfield code="d">2009-06-27</subfield>
    <subfield code="e">Vishv Book/C34544/11.5.09/17/23.4.09/3.6.09</subfield>
    <subfield code="g">38.00</subfield>
    <subfield code="l">0</subfield>
    <subfield code="o">S JUN</subfield>
    <subfield code="p">B-329726</subfield>
    <subfield code="r">2009-06-27 00:00:00</subfield>
    <subfield code="t">1</subfield>
    <subfield code="v">38.00</subfield>
    <subfield code="w">2009-06-27</subfield>
    <subfield code="y">CH</subfield>
    <subfield code="z">v.1</subfield>
  </datafield>
  <datafield tag="952" ind1=" " ind2=" ">
    <subfield code="0">0</subfield>
    <subfield code="1">0</subfield>
    <subfield code="2">ddc</subfield>
    <subfield code="3">v.1</subfield>
    <subfield code="4">0</subfield>
    <subfield code="7">0</subfield>
    <subfield code="8">FIC</subfield>
    <subfield code="a">AG</subfield>
    <subfield code="b">AG</subfield>
    <subfield code="d">2009-06-27</subfield>
    <subfield code="e">Vishv Book/C34544/11.5.09/17/23.4.09/3.6.09</subfield>
    <subfield code="g">38.00</subfield>
    <subfield code="l">0</subfield>
    <subfield code="o">S JUN</subfield>
    <subfield code="p">B-329727</subfield>
    <subfield code="r">2009-06-27 00:00:00</subfield>
    <subfield code="t">1</subfield>
    <subfield code="v">38.00</subfield>
    <subfield code="w">2009-06-27</subfield>
    <subfield code="y">CH</subfield>
    <subfield code="z">v.1</subfield>
  </datafield>
  <datafield tag="952" ind1=" " ind2=" ">
    <subfield code="0">0</subfield>
    <subfield code="1">0</subfield>
    <subfield code="2">ddc</subfield>
    <subfield code="3">v.1</subfield>
    <subfield code="4">0</subfield>
    <subfield code="7">0</subfield>
    <subfield code="8">FIC</subfield>
    <subfield code="a">SP</subfield>
    <subfield code="b">SP</subfield>
    <subfield code="d">2009-06-27</subfield>
    <subfield code="e">Vishv Book/C34544/11.5.09/17/23.4.09/3.6.09</subfield>
    <subfield code="g">38.00</subfield>
    <subfield code="l">0</subfield>
    <subfield code="o">S JUN</subfield>
    <subfield code="p">B-329728</subfield>
    <subfield code="r">2009-06-27 00:00:00</subfield>
    <subfield code="t">1</subfield>
    <subfield code="v">38.00</subfield>
    <subfield code="w">2009-06-27</subfield>
    <subfield code="y">CH</subfield>
    <subfield code="z">v.1</subfield>
  </datafield>
  <datafield tag="952" ind1=" " ind2=" ">
    <subfield code="0">0</subfield>
    <subfield code="1">0</subfield>
    <subfield code="2">ddc</subfield>
    <subfield code="3">v.1</subfield>
    <subfield code="4">0</subfield>
    <subfield code="7">0</subfield>
    <subfield code="8">FIC</subfield>
    <subfield code="a">JB</subfield>
    <subfield code="b">JB</subfield>
    <subfield code="d">2009-06-27</subfield>
    <subfield code="e">Vishv Book/C34544/11.5.09/17/23.4.09/3.6.09</subfield>
    <subfield code="g">38.00</subfield>
    <subfield code="l">0</subfield>
    <subfield code="o">S JUN</subfield>
    <subfield code="p">B-329729</subfield>
    <subfield code="r">2009-06-27 00:00:00</subfield>
    <subfield code="t">1</subfield>
    <subfield code="v">38.00</subfield>
    <subfield code="w">2009-06-27</subfield>
    <subfield code="y">CH</subfield>
    <subfield code="z">v.1</subfield>
  </datafield>
  <datafield tag="952" ind1=" " ind2=" ">
    <subfield code="0">0</subfield>
    <subfield code="1">0</subfield>
    <subfield code="2">ddc</subfield>
    <subfield code="3">v.1</subfield>
    <subfield code="4">0</subfield>
    <subfield code="7">0</subfield>
    <subfield code="8">FIC</subfield>
    <subfield code="a">VP</subfield>
    <subfield code="b">VP</subfield>
    <subfield code="d">2009-06-27</subfield>
    <subfield code="e">Vishv Book/C34544/11.5.09/17/23.4.09/3.6.09</subfield>
    <subfield code="g">38.00</subfield>
    <subfield code="l">2</subfield>
    <subfield code="o">S JUN</subfield>
    <subfield code="p">B-329730</subfield>
    <subfield code="r">2011-01-25 00:00:00</subfield>
    <subfield code="s">2010-03-15</subfield>
    <subfield code="t">1</subfield>
    <subfield code="v">38.00</subfield>
    <subfield code="w">2009-06-27</subfield>
    <subfield code="y">CH</subfield>
    <subfield code="z">v.1</subfield>
  </datafield>
  <datafield tag="952" ind1=" " ind2=" ">
    <subfield code="0">4</subfield>
    <subfield code="1">0</subfield>
    <subfield code="2">ddc</subfield>
    <subfield code="3">v.1</subfield>
    <subfield code="4">0</subfield>
    <subfield code="7">0</subfield>
    <subfield code="8">FIC</subfield>
    <subfield code="a">BL3</subfield>
    <subfield code="b">BL3</subfield>
    <subfield code="d">2009-06-27</subfield>
    <subfield code="e">Vishv Book/C34544/11.5.09/17/23.4.09/3.6.09</subfield>
    <subfield code="g">38.00</subfield>
    <subfield code="l">0</subfield>
    <subfield code="o">S JUN</subfield>
    <subfield code="p">B-329731</subfield>
    <subfield code="r">2009-06-27 00:00:00</subfield>
    <subfield code="t">1</subfield>
    <subfield code="v">38.00</subfield>
    <subfield code="w">2009-06-27</subfield>
    <subfield code="y">CH</subfield>
    <subfield code="z">v.1Written off on approval by DLB (By Circulation); dtd 15-06-2023</subfield>
  </datafield>
  <datafield tag="952" ind1=" " ind2=" ">
    <subfield code="0">0</subfield>
    <subfield code="1">0</subfield>
    <subfield code="2">ddc</subfield>
    <subfield code="3">v.1</subfield>
    <subfield code="4">0</subfield>
    <subfield code="7">0</subfield>
    <subfield code="8">FIC</subfield>
    <subfield code="a">BKK</subfield>
    <subfield code="b">BKK</subfield>
    <subfield code="d">2009-06-27</subfield>
    <subfield code="e">Vishv Book/C34544/11.5.09/17/23.4.09/3.6.09</subfield>
    <subfield code="g">38.00</subfield>
    <subfield code="l">0</subfield>
    <subfield code="o">S JUN</subfield>
    <subfield code="p">B-329732</subfield>
    <subfield code="r">2009-06-27 00:00:00</subfield>
    <subfield code="t">1</subfield>
    <subfield code="v">38.00</subfield>
    <subfield code="w">2009-06-27</subfield>
    <subfield code="y">CH</subfield>
    <subfield code="z">v.1</subfield>
  </datafield>
  <datafield tag="952" ind1=" " ind2=" ">
    <subfield code="0">0</subfield>
    <subfield code="1">5</subfield>
    <subfield code="2">ddc</subfield>
    <subfield code="3">v.1</subfield>
    <subfield code="4">0</subfield>
    <subfield code="7">0</subfield>
    <subfield code="8">FIC</subfield>
    <subfield code="a">NR</subfield>
    <subfield code="b">NR</subfield>
    <subfield code="d">2009-06-27</subfield>
    <subfield code="e">Vishv Book/C34544/11.5.09/17/23.4.09/3.6.09</subfield>
    <subfield code="g">38.00</subfield>
    <subfield code="l">0</subfield>
    <subfield code="o">S JUN</subfield>
    <subfield code="p">B-329733</subfield>
    <subfield code="r">2009-06-27 00:00:00</subfield>
    <subfield code="t">1</subfield>
    <subfield code="v">38.00</subfield>
    <subfield code="y">CH</subfield>
    <subfield code="z">v.1</subfield>
  </datafield>
  <datafield tag="952" ind1=" " ind2=" ">
    <subfield code="0">0</subfield>
    <subfield code="1">0</subfield>
    <subfield code="2">ddc</subfield>
    <subfield code="3">v.1</subfield>
    <subfield code="4">0</subfield>
    <subfield code="7">0</subfield>
    <subfield code="8">FIC</subfield>
    <subfield code="a">BN</subfield>
    <subfield code="b">BN</subfield>
    <subfield code="d">2009-06-27</subfield>
    <subfield code="e">Vishv Book/C34544/11.5.09/17/23.4.09/3.6.09</subfield>
    <subfield code="g">38.00</subfield>
    <subfield code="l">0</subfield>
    <subfield code="o">S JUN</subfield>
    <subfield code="p">B-329734</subfield>
    <subfield code="r">2009-06-27 00:00:00</subfield>
    <subfield code="t">1</subfield>
    <subfield code="v">38.00</subfield>
    <subfield code="w">2009-06-27</subfield>
    <subfield code="y">CH</subfield>
    <subfield code="z">v.1</subfield>
  </datafield>
  <datafield tag="952" ind1=" " ind2=" ">
    <subfield code="0">0</subfield>
    <subfield code="1">5</subfield>
    <subfield code="2">ddc</subfield>
    <subfield code="3">v.1</subfield>
    <subfield code="4">0</subfield>
    <subfield code="7">0</subfield>
    <subfield code="8">FIC</subfield>
    <subfield code="a">BL4</subfield>
    <subfield code="b">BL4</subfield>
    <subfield code="d">2009-06-27</subfield>
    <subfield code="e">Vishv Book/C34544/11.5.09/17/23.4.09/3.6.09</subfield>
    <subfield code="g">38.00</subfield>
    <subfield code="l">0</subfield>
    <subfield code="o">S JUN</subfield>
    <subfield code="p">B-329735</subfield>
    <subfield code="r">2009-06-27 00:00:00</subfield>
    <subfield code="t">1</subfield>
    <subfield code="v">38.00</subfield>
    <subfield code="y">CH</subfield>
    <subfield code="z">v.1</subfield>
  </datafield>
  <datafield tag="952" ind1=" " ind2=" ">
    <subfield code="0">0</subfield>
    <subfield code="1">0</subfield>
    <subfield code="2">ddc</subfield>
    <subfield code="3">v.1</subfield>
    <subfield code="4">0</subfield>
    <subfield code="7">0</subfield>
    <subfield code="8">FIC</subfield>
    <subfield code="a">RC3</subfield>
    <subfield code="b">RC3</subfield>
    <subfield code="d">2009-06-27</subfield>
    <subfield code="e">Vishv Book/C34544/11.5.09/17/23.4.09/3.6.09</subfield>
    <subfield code="g">38.00</subfield>
    <subfield code="l">0</subfield>
    <subfield code="o">S JUN</subfield>
    <subfield code="p">B-329736</subfield>
    <subfield code="r">2009-06-27 00:00:00</subfield>
    <subfield code="t">1</subfield>
    <subfield code="v">38.00</subfield>
    <subfield code="w">2009-06-27</subfield>
    <subfield code="y">CH</subfield>
    <subfield code="z">v.1</subfield>
  </datafield>
  <datafield tag="952" ind1=" " ind2=" ">
    <subfield code="0">0</subfield>
    <subfield code="1">0</subfield>
    <subfield code="2">ddc</subfield>
    <subfield code="3">v.2</subfield>
    <subfield code="4">0</subfield>
    <subfield code="7">0</subfield>
    <subfield code="8">FIC</subfield>
    <subfield code="a">L</subfield>
    <subfield code="b">L</subfield>
    <subfield code="c">CHILD</subfield>
    <subfield code="d">2009-06-27</subfield>
    <subfield code="e">Vishv Book/C34544/11.5.09/17/23.4.09/3.6.09</subfield>
    <subfield code="g">38.00</subfield>
    <subfield code="l">0</subfield>
    <subfield code="o">S JUN</subfield>
    <subfield code="p">B-329737</subfield>
    <subfield code="r">2009-06-27 00:00:00</subfield>
    <subfield code="t">1</subfield>
    <subfield code="v">38.00</subfield>
    <subfield code="w">2009-06-27</subfield>
    <subfield code="y">CH</subfield>
    <subfield code="z">v.2</subfield>
  </datafield>
  <datafield tag="952" ind1=" " ind2=" ">
    <subfield code="0">1</subfield>
    <subfield code="1">0</subfield>
    <subfield code="2">ddc</subfield>
    <subfield code="3">v.2</subfield>
    <subfield code="4">0</subfield>
    <subfield code="7">0</subfield>
    <subfield code="8">FIC</subfield>
    <subfield code="a">BL1</subfield>
    <subfield code="b">BL1</subfield>
    <subfield code="d">2009-06-27</subfield>
    <subfield code="e">Vishv Book/C34544/11.5.09/17/23.4.09/3.6.09</subfield>
    <subfield code="g">38.00</subfield>
    <subfield code="l">0</subfield>
    <subfield code="o">S JUN</subfield>
    <subfield code="p">B-329738</subfield>
    <subfield code="r">2009-06-27 00:00:00</subfield>
    <subfield code="t">1</subfield>
    <subfield code="v">38.00</subfield>
    <subfield code="w">2009-06-27</subfield>
    <subfield code="y">CH</subfield>
    <subfield code="z">v.2</subfield>
  </datafield>
  <datafield tag="952" ind1=" " ind2=" ">
    <subfield code="0">0</subfield>
    <subfield code="1">5</subfield>
    <subfield code="2">ddc</subfield>
    <subfield code="3">v.2</subfield>
    <subfield code="4">0</subfield>
    <subfield code="7">0</subfield>
    <subfield code="8">FIC</subfield>
    <subfield code="a">KGM</subfield>
    <subfield code="b">KGM</subfield>
    <subfield code="d">2009-06-27</subfield>
    <subfield code="e">Vishv Book/C34544/11.5.09/17/23.4.09/3.6.09</subfield>
    <subfield code="g">38.00</subfield>
    <subfield code="l">0</subfield>
    <subfield code="o">S JUN</subfield>
    <subfield code="p">B-329739</subfield>
    <subfield code="r">2009-06-27 00:00:00</subfield>
    <subfield code="t">1</subfield>
    <subfield code="v">38.00</subfield>
    <subfield code="y">CH</subfield>
    <subfield code="z">v.2</subfield>
  </datafield>
  <datafield tag="952" ind1=" " ind2=" ">
    <subfield code="0">0</subfield>
    <subfield code="1">0</subfield>
    <subfield code="2">ddc</subfield>
    <subfield code="3">v.2</subfield>
    <subfield code="4">0</subfield>
    <subfield code="7">0</subfield>
    <subfield code="8">FIC</subfield>
    <subfield code="a">PR</subfield>
    <subfield code="b">PR</subfield>
    <subfield code="d">2009-06-27</subfield>
    <subfield code="e">Vishv Book/C34544/11.5.09/17/23.4.09/3.6.09</subfield>
    <subfield code="g">38.00</subfield>
    <subfield code="l">0</subfield>
    <subfield code="o">S JUN</subfield>
    <subfield code="p">B-329740</subfield>
    <subfield code="r">2009-06-27 00:00:00</subfield>
    <subfield code="t">1</subfield>
    <subfield code="v">38.00</subfield>
    <subfield code="w">2009-06-27</subfield>
    <subfield code="y">CH</subfield>
    <subfield code="z">v.2</subfield>
  </datafield>
  <datafield tag="952" ind1=" " ind2=" ">
    <subfield code="0">0</subfield>
    <subfield code="1">5</subfield>
    <subfield code="2">ddc</subfield>
    <subfield code="3">v.2</subfield>
    <subfield code="4">0</subfield>
    <subfield code="7">0</subfield>
    <subfield code="8">FIC</subfield>
    <subfield code="a">TN</subfield>
    <subfield code="b">TN</subfield>
    <subfield code="d">2009-06-27</subfield>
    <subfield code="e">Vishv Book/C34544/11.5.09/17/23.4.09/3.6.09</subfield>
    <subfield code="g">38.00</subfield>
    <subfield code="l">0</subfield>
    <subfield code="o">S JUN</subfield>
    <subfield code="p">B-329741</subfield>
    <subfield code="r">2009-06-27 00:00:00</subfield>
    <subfield code="t">1</subfield>
    <subfield code="v">38.00</subfield>
    <subfield code="y">CH</subfield>
    <subfield code="z">v.2</subfield>
  </datafield>
  <datafield tag="952" ind1=" " ind2=" ">
    <subfield code="0">0</subfield>
    <subfield code="1">5</subfield>
    <subfield code="2">ddc</subfield>
    <subfield code="3">v.2</subfield>
    <subfield code="4">0</subfield>
    <subfield code="7">0</subfield>
    <subfield code="8">FIC</subfield>
    <subfield code="a">CJ</subfield>
    <subfield code="b">CJ</subfield>
    <subfield code="d">2009-06-27</subfield>
    <subfield code="e">Vishv Book/C34544/11.5.09/17/23.4.09/3.6.09</subfield>
    <subfield code="g">38.00</subfield>
    <subfield code="l">0</subfield>
    <subfield code="o">S JUN</subfield>
    <subfield code="p">B-329742</subfield>
    <subfield code="r">2009-06-27 00:00:00</subfield>
    <subfield code="t">1</subfield>
    <subfield code="v">38.00</subfield>
    <subfield code="y">CH</subfield>
    <subfield code="z">v.2</subfield>
  </datafield>
  <datafield tag="952" ind1=" " ind2=" ">
    <subfield code="0">0</subfield>
    <subfield code="1">0</subfield>
    <subfield code="2">ddc</subfield>
    <subfield code="3">v.2</subfield>
    <subfield code="4">0</subfield>
    <subfield code="7">0</subfield>
    <subfield code="8">FIC</subfield>
    <subfield code="a">NRN</subfield>
    <subfield code="b">NRN</subfield>
    <subfield code="d">2009-06-27</subfield>
    <subfield code="e">Vishv Book/C34544/11.5.09/17/23.4.09/3.6.09</subfield>
    <subfield code="g">38.00</subfield>
    <subfield code="l">0</subfield>
    <subfield code="o">S JUN</subfield>
    <subfield code="p">B-329743</subfield>
    <subfield code="r">2009-06-27 00:00:00</subfield>
    <subfield code="t">1</subfield>
    <subfield code="v">38.00</subfield>
    <subfield code="w">2009-06-27</subfield>
    <subfield code="y">CH</subfield>
    <subfield code="z">v.2</subfield>
  </datafield>
  <datafield tag="952" ind1=" " ind2=" ">
    <subfield code="0">1</subfield>
    <subfield code="1">0</subfield>
    <subfield code="2">ddc</subfield>
    <subfield code="3">v.2</subfield>
    <subfield code="4">0</subfield>
    <subfield code="7">0</subfield>
    <subfield code="8">FIC</subfield>
    <subfield code="a">ZLS</subfield>
    <subfield code="b">ZLS</subfield>
    <subfield code="d">2009-06-27</subfield>
    <subfield code="e">Vishv Book/C34544/11.5.09/17/23.4.09/3.6.09</subfield>
    <subfield code="g">38.00</subfield>
    <subfield code="l">10</subfield>
    <subfield code="o">S JUN</subfield>
    <subfield code="p">B-329744</subfield>
    <subfield code="r">2010-03-27 00:00:00</subfield>
    <subfield code="s">2010-03-18</subfield>
    <subfield code="t">1</subfield>
    <subfield code="v">38.00</subfield>
    <subfield code="w">2009-06-27</subfield>
    <subfield code="y">CH</subfield>
    <subfield code="z">v.2</subfield>
  </datafield>
  <datafield tag="952" ind1=" " ind2=" ">
    <subfield code="0">0</subfield>
    <subfield code="1">0</subfield>
    <subfield code="2">ddc</subfield>
    <subfield code="3">v.2</subfield>
    <subfield code="4">0</subfield>
    <subfield code="7">0</subfield>
    <subfield code="8">FIC</subfield>
    <subfield code="a">RKP</subfield>
    <subfield code="b">RKP</subfield>
    <subfield code="d">2009-06-27</subfield>
    <subfield code="e">Vishv Book/C34544/11.5.09/17/23.4.09/3.6.09</subfield>
    <subfield code="g">38.00</subfield>
    <subfield code="l">0</subfield>
    <subfield code="o">S JUN</subfield>
    <subfield code="p">B-329745</subfield>
    <subfield code="r">2009-06-27 00:00:00</subfield>
    <subfield code="t">1</subfield>
    <subfield code="v">38.00</subfield>
    <subfield code="w">2009-06-27</subfield>
    <subfield code="y">CH</subfield>
    <subfield code="z">v.2</subfield>
  </datafield>
  <datafield tag="952" ind1=" " ind2=" ">
    <subfield code="0">1</subfield>
    <subfield code="1">0</subfield>
    <subfield code="2">ddc</subfield>
    <subfield code="3">v.2</subfield>
    <subfield code="4">0</subfield>
    <subfield code="7">0</subfield>
    <subfield code="8">FIC</subfield>
    <subfield code="a">AG</subfield>
    <subfield code="b">AG</subfield>
    <subfield code="d">2009-06-27</subfield>
    <subfield code="e">Vishv Book/C34544/11.5.09/17/23.4.09/3.6.09</subfield>
    <subfield code="g">38.00</subfield>
    <subfield code="l">0</subfield>
    <subfield code="o">S JUN</subfield>
    <subfield code="p">B-329746</subfield>
    <subfield code="r">2009-06-27 00:00:00</subfield>
    <subfield code="t">1</subfield>
    <subfield code="v">38.00</subfield>
    <subfield code="w">2009-06-27</subfield>
    <subfield code="y">CH</subfield>
    <subfield code="z">v.2</subfield>
  </datafield>
  <datafield tag="952" ind1=" " ind2=" ">
    <subfield code="0">0</subfield>
    <subfield code="1">0</subfield>
    <subfield code="2">ddc</subfield>
    <subfield code="3">v.2</subfield>
    <subfield code="4">0</subfield>
    <subfield code="7">0</subfield>
    <subfield code="8">FIC</subfield>
    <subfield code="a">SP</subfield>
    <subfield code="b">SP</subfield>
    <subfield code="d">2009-06-27</subfield>
    <subfield code="e">Vishv Book/C34544/11.5.09/17/23.4.09/3.6.09</subfield>
    <subfield code="g">38.00</subfield>
    <subfield code="l">0</subfield>
    <subfield code="o">S JUN</subfield>
    <subfield code="p">B-329747</subfield>
    <subfield code="r">2009-06-27 00:00:00</subfield>
    <subfield code="t">1</subfield>
    <subfield code="v">38.00</subfield>
    <subfield code="w">2009-06-27</subfield>
    <subfield code="y">CH</subfield>
    <subfield code="z">v.2</subfield>
  </datafield>
  <datafield tag="952" ind1=" " ind2=" ">
    <subfield code="0">0</subfield>
    <subfield code="1">0</subfield>
    <subfield code="2">ddc</subfield>
    <subfield code="3">v.2</subfield>
    <subfield code="4">0</subfield>
    <subfield code="7">0</subfield>
    <subfield code="8">FIC</subfield>
    <subfield code="a">JB</subfield>
    <subfield code="b">JB</subfield>
    <subfield code="d">2009-06-27</subfield>
    <subfield code="e">Vishv Book/C34544/11.5.09/17/23.4.09/3.6.09</subfield>
    <subfield code="g">38.00</subfield>
    <subfield code="l">0</subfield>
    <subfield code="o">S JUN</subfield>
    <subfield code="p">B-329748</subfield>
    <subfield code="r">2009-06-27 00:00:00</subfield>
    <subfield code="t">1</subfield>
    <subfield code="v">38.00</subfield>
    <subfield code="w">2009-06-27</subfield>
    <subfield code="y">CH</subfield>
    <subfield code="z">v.2</subfield>
  </datafield>
  <datafield tag="952" ind1=" " ind2=" ">
    <subfield code="0">0</subfield>
    <subfield code="1">0</subfield>
    <subfield code="2">ddc</subfield>
    <subfield code="3">v.2</subfield>
    <subfield code="4">0</subfield>
    <subfield code="7">0</subfield>
    <subfield code="8">FIC</subfield>
    <subfield code="a">VP</subfield>
    <subfield code="b">VP</subfield>
    <subfield code="d">2009-06-27</subfield>
    <subfield code="e">Vishv Book/C34544/11.5.09/17/23.4.09/3.6.09</subfield>
    <subfield code="g">38.00</subfield>
    <subfield code="l">3</subfield>
    <subfield code="o">S JUN</subfield>
    <subfield code="p">B-329749</subfield>
    <subfield code="r">2010-02-12 00:00:00</subfield>
    <subfield code="s">2009-12-26</subfield>
    <subfield code="t">1</subfield>
    <subfield code="v">38.00</subfield>
    <subfield code="w">2009-06-27</subfield>
    <subfield code="y">CH</subfield>
    <subfield code="z">v.2</subfield>
  </datafield>
  <datafield tag="952" ind1=" " ind2=" ">
    <subfield code="0">0</subfield>
    <subfield code="1">0</subfield>
    <subfield code="2">ddc</subfield>
    <subfield code="3">v.2</subfield>
    <subfield code="4">0</subfield>
    <subfield code="7">0</subfield>
    <subfield code="8">FIC</subfield>
    <subfield code="a">BL3</subfield>
    <subfield code="b">BL3</subfield>
    <subfield code="d">2009-06-27</subfield>
    <subfield code="e">Vishv Book/C34544/11.5.09/17/23.4.09/3.6.09</subfield>
    <subfield code="g">38.00</subfield>
    <subfield code="l">0</subfield>
    <subfield code="o">S JUN</subfield>
    <subfield code="p">B-329750</subfield>
    <subfield code="r">2009-06-27 00:00:00</subfield>
    <subfield code="t">1</subfield>
    <subfield code="v">38.00</subfield>
    <subfield code="w">2009-06-27</subfield>
    <subfield code="y">CH</subfield>
    <subfield code="z">v.2</subfield>
  </datafield>
  <datafield tag="952" ind1=" " ind2=" ">
    <subfield code="0">0</subfield>
    <subfield code="1">0</subfield>
    <subfield code="2">ddc</subfield>
    <subfield code="3">v.2</subfield>
    <subfield code="4">0</subfield>
    <subfield code="7">0</subfield>
    <subfield code="8">FIC</subfield>
    <subfield code="a">BKK</subfield>
    <subfield code="b">BKK</subfield>
    <subfield code="d">2009-06-27</subfield>
    <subfield code="e">Vishv Book/C34544/11.5.09/17/23.4.09/3.6.09</subfield>
    <subfield code="g">38.00</subfield>
    <subfield code="l">0</subfield>
    <subfield code="o">S JUN</subfield>
    <subfield code="p">B-329751</subfield>
    <subfield code="r">2009-06-27 00:00:00</subfield>
    <subfield code="t">1</subfield>
    <subfield code="v">38.00</subfield>
    <subfield code="w">2009-06-27</subfield>
    <subfield code="y">CH</subfield>
    <subfield code="z">v.2</subfield>
  </datafield>
  <datafield tag="952" ind1=" " ind2=" ">
    <subfield code="0">4</subfield>
    <subfield code="1">0</subfield>
    <subfield code="2">ddc</subfield>
    <subfield code="3">v.2</subfield>
    <subfield code="4">0</subfield>
    <subfield code="7">0</subfield>
    <subfield code="8">FIC</subfield>
    <subfield code="a">NR</subfield>
    <subfield code="b">NR</subfield>
    <subfield code="d">2009-06-27</subfield>
    <subfield code="e">Vishv Book/C34544/11.5.09/17/23.4.09/3.6.09</subfield>
    <subfield code="g">38.00</subfield>
    <subfield code="l">0</subfield>
    <subfield code="o">S JUN</subfield>
    <subfield code="p">B-329752</subfield>
    <subfield code="r">2009-06-27 00:00:00</subfield>
    <subfield code="t">1</subfield>
    <subfield code="v">38.00</subfield>
    <subfield code="w">2009-06-27</subfield>
    <subfield code="y">CH</subfield>
    <subfield code="z">v.2Written off on approval by DLB (By Circulation); dtd 20.12.2022</subfield>
  </datafield>
  <datafield tag="952" ind1=" " ind2=" ">
    <subfield code="0">0</subfield>
    <subfield code="1">0</subfield>
    <subfield code="2">ddc</subfield>
    <subfield code="3">v.2</subfield>
    <subfield code="4">0</subfield>
    <subfield code="7">0</subfield>
    <subfield code="8">FIC</subfield>
    <subfield code="a">BN</subfield>
    <subfield code="b">BN</subfield>
    <subfield code="d">2009-06-27</subfield>
    <subfield code="e">Vishv Book/C34544/11.5.09/17/23.4.09/3.6.09</subfield>
    <subfield code="g">38.00</subfield>
    <subfield code="l">0</subfield>
    <subfield code="o">S JUN</subfield>
    <subfield code="p">B-329753</subfield>
    <subfield code="r">2009-06-27 00:00:00</subfield>
    <subfield code="t">1</subfield>
    <subfield code="v">38.00</subfield>
    <subfield code="w">2009-06-27</subfield>
    <subfield code="y">CH</subfield>
    <subfield code="z">v.2</subfield>
  </datafield>
  <datafield tag="952" ind1=" " ind2=" ">
    <subfield code="0">0</subfield>
    <subfield code="1">5</subfield>
    <subfield code="2">ddc</subfield>
    <subfield code="3">v.2</subfield>
    <subfield code="4">0</subfield>
    <subfield code="7">0</subfield>
    <subfield code="8">FIC</subfield>
    <subfield code="a">BL4</subfield>
    <subfield code="b">BL4</subfield>
    <subfield code="d">2009-06-27</subfield>
    <subfield code="e">Vishv Book/C34544/11.5.09/17/23.4.09/3.6.09</subfield>
    <subfield code="g">38.00</subfield>
    <subfield code="l">0</subfield>
    <subfield code="o">S JUN</subfield>
    <subfield code="p">B-329754</subfield>
    <subfield code="r">2009-06-27 00:00:00</subfield>
    <subfield code="t">1</subfield>
    <subfield code="v">38.00</subfield>
    <subfield code="y">CH</subfield>
    <subfield code="z">v.2</subfield>
  </datafield>
  <datafield tag="952" ind1=" " ind2=" ">
    <subfield code="0">0</subfield>
    <subfield code="1">5</subfield>
    <subfield code="2">ddc</subfield>
    <subfield code="3">v.2</subfield>
    <subfield code="4">0</subfield>
    <subfield code="7">0</subfield>
    <subfield code="8">FIC</subfield>
    <subfield code="a">RC3</subfield>
    <subfield code="b">RC3</subfield>
    <subfield code="d">2009-06-27</subfield>
    <subfield code="e">Vishv Book/C34544/11.5.09/17/23.4.09/3.6.09</subfield>
    <subfield code="g">38.00</subfield>
    <subfield code="l">0</subfield>
    <subfield code="o">S JUN</subfield>
    <subfield code="p">B-329755</subfield>
    <subfield code="r">2009-06-27 00:00:00</subfield>
    <subfield code="t">1</subfield>
    <subfield code="v">38.00</subfield>
    <subfield code="y">CH</subfield>
    <subfield code="z">v.2</subfield>
  </datafield>
  <datafield tag="952" ind1=" " ind2=" ">
    <subfield code="0">0</subfield>
    <subfield code="1">0</subfield>
    <subfield code="2">ddc</subfield>
    <subfield code="3">v.3</subfield>
    <subfield code="4">0</subfield>
    <subfield code="7">0</subfield>
    <subfield code="8">FIC</subfield>
    <subfield code="a">L</subfield>
    <subfield code="b">L</subfield>
    <subfield code="c">CHILD</subfield>
    <subfield code="d">2009-06-27</subfield>
    <subfield code="e">Vishv Book/C34544/11.5.09/17/23.4.09/3.6.09</subfield>
    <subfield code="g">38.00</subfield>
    <subfield code="l">0</subfield>
    <subfield code="o">S JUN</subfield>
    <subfield code="p">B-329756</subfield>
    <subfield code="r">2009-06-27 00:00:00</subfield>
    <subfield code="t">1</subfield>
    <subfield code="v">38.00</subfield>
    <subfield code="w">2009-06-27</subfield>
    <subfield code="y">CH</subfield>
    <subfield code="z">v.3</subfield>
  </datafield>
  <datafield tag="952" ind1=" " ind2=" ">
    <subfield code="0">0</subfield>
    <subfield code="1">5</subfield>
    <subfield code="2">ddc</subfield>
    <subfield code="3">v.3</subfield>
    <subfield code="4">0</subfield>
    <subfield code="7">0</subfield>
    <subfield code="8">FIC</subfield>
    <subfield code="a">BL1</subfield>
    <subfield code="b">BL1</subfield>
    <subfield code="d">2009-06-27</subfield>
    <subfield code="e">Vishv Book/C34544/11.5.09/17/23.4.09/3.6.09</subfield>
    <subfield code="g">38.00</subfield>
    <subfield code="l">0</subfield>
    <subfield code="o">S JUN</subfield>
    <subfield code="p">B-329757</subfield>
    <subfield code="r">2009-06-27 00:00:00</subfield>
    <subfield code="t">1</subfield>
    <subfield code="v">38.00</subfield>
    <subfield code="y">CH</subfield>
    <subfield code="z">v.3</subfield>
  </datafield>
  <datafield tag="952" ind1=" " ind2=" ">
    <subfield code="0">0</subfield>
    <subfield code="1">0</subfield>
    <subfield code="2">ddc</subfield>
    <subfield code="3">v.3</subfield>
    <subfield code="4">0</subfield>
    <subfield code="7">0</subfield>
    <subfield code="8">FIC</subfield>
    <subfield code="a">KGM</subfield>
    <subfield code="b">KGM</subfield>
    <subfield code="d">2009-06-27</subfield>
    <subfield code="e">Vishv Book/C34544/11.5.09/17/23.4.09/3.6.09</subfield>
    <subfield code="g">38.00</subfield>
    <subfield code="l">0</subfield>
    <subfield code="o">S JUN</subfield>
    <subfield code="p">B-329758</subfield>
    <subfield code="r">2009-06-27 00:00:00</subfield>
    <subfield code="t">1</subfield>
    <subfield code="v">38.00</subfield>
    <subfield code="w">2009-06-27</subfield>
    <subfield code="y">CH</subfield>
    <subfield code="z">v.3</subfield>
  </datafield>
  <datafield tag="952" ind1=" " ind2=" ">
    <subfield code="0">0</subfield>
    <subfield code="1">5</subfield>
    <subfield code="2">ddc</subfield>
    <subfield code="3">v.3</subfield>
    <subfield code="4">0</subfield>
    <subfield code="7">0</subfield>
    <subfield code="8">FIC</subfield>
    <subfield code="a">PR</subfield>
    <subfield code="b">PR</subfield>
    <subfield code="d">2009-06-27</subfield>
    <subfield code="e">Vishv Book/C34544/11.5.09/17/23.4.09/3.6.09</subfield>
    <subfield code="g">38.00</subfield>
    <subfield code="l">0</subfield>
    <subfield code="o">S JUN</subfield>
    <subfield code="p">B-329759</subfield>
    <subfield code="r">2009-06-27 00:00:00</subfield>
    <subfield code="t">1</subfield>
    <subfield code="v">38.00</subfield>
    <subfield code="y">CH</subfield>
    <subfield code="z">v.3</subfield>
  </datafield>
  <datafield tag="952" ind1=" " ind2=" ">
    <subfield code="0">0</subfield>
    <subfield code="1">5</subfield>
    <subfield code="2">ddc</subfield>
    <subfield code="3">v.3</subfield>
    <subfield code="4">0</subfield>
    <subfield code="7">0</subfield>
    <subfield code="8">FIC</subfield>
    <subfield code="a">TN</subfield>
    <subfield code="b">TN</subfield>
    <subfield code="d">2009-06-27</subfield>
    <subfield code="e">Vishv Book/C34544/11.5.09/17/23.4.09/3.6.09</subfield>
    <subfield code="g">38.00</subfield>
    <subfield code="l">0</subfield>
    <subfield code="o">S JUN</subfield>
    <subfield code="p">B-329760</subfield>
    <subfield code="r">2009-06-27 00:00:00</subfield>
    <subfield code="t">1</subfield>
    <subfield code="v">38.00</subfield>
    <subfield code="y">CH</subfield>
    <subfield code="z">v.3</subfield>
  </datafield>
  <datafield tag="952" ind1=" " ind2=" ">
    <subfield code="0">0</subfield>
    <subfield code="1">0</subfield>
    <subfield code="2">ddc</subfield>
    <subfield code="3">v.3</subfield>
    <subfield code="4">0</subfield>
    <subfield code="7">0</subfield>
    <subfield code="8">FIC</subfield>
    <subfield code="a">CJ</subfield>
    <subfield code="b">CJ</subfield>
    <subfield code="d">2009-06-27</subfield>
    <subfield code="e">Vishv Book/C34544/11.5.09/17/23.4.09/3.6.09</subfield>
    <subfield code="g">38.00</subfield>
    <subfield code="l">0</subfield>
    <subfield code="o">S JUN</subfield>
    <subfield code="p">B-329761</subfield>
    <subfield code="r">2009-06-27 00:00:00</subfield>
    <subfield code="t">1</subfield>
    <subfield code="v">38.00</subfield>
    <subfield code="w">2009-06-27</subfield>
    <subfield code="y">CH</subfield>
    <subfield code="z">v.3</subfield>
  </datafield>
  <datafield tag="952" ind1=" " ind2=" ">
    <subfield code="0">0</subfield>
    <subfield code="1">0</subfield>
    <subfield code="2">ddc</subfield>
    <subfield code="3">v.3</subfield>
    <subfield code="4">0</subfield>
    <subfield code="7">0</subfield>
    <subfield code="8">FIC</subfield>
    <subfield code="a">NRN</subfield>
    <subfield code="b">NRN</subfield>
    <subfield code="d">2009-06-27</subfield>
    <subfield code="e">Vishv Book/C34544/11.5.09/17/23.4.09/3.6.09</subfield>
    <subfield code="g">38.00</subfield>
    <subfield code="l">0</subfield>
    <subfield code="o">S JUN</subfield>
    <subfield code="p">B-329762</subfield>
    <subfield code="r">2009-06-27 00:00:00</subfield>
    <subfield code="t">1</subfield>
    <subfield code="v">38.00</subfield>
    <subfield code="w">2009-06-27</subfield>
    <subfield code="y">CH</subfield>
    <subfield code="z">v.3</subfield>
  </datafield>
  <datafield tag="952" ind1=" " ind2=" ">
    <subfield code="0">0</subfield>
    <subfield code="1">5</subfield>
    <subfield code="2">ddc</subfield>
    <subfield code="3">v.3</subfield>
    <subfield code="4">0</subfield>
    <subfield code="7">0</subfield>
    <subfield code="8">FIC</subfield>
    <subfield code="a">ZLS</subfield>
    <subfield code="b">ZLS</subfield>
    <subfield code="d">2009-06-27</subfield>
    <subfield code="e">Vishv Book/C34544/11.5.09/17/23.4.09/3.6.09</subfield>
    <subfield code="g">38.00</subfield>
    <subfield code="l">8</subfield>
    <subfield code="o">S JUN</subfield>
    <subfield code="p">B-329763</subfield>
    <subfield code="r">2010-05-21 00:00:00</subfield>
    <subfield code="s">2010-05-18</subfield>
    <subfield code="t">1</subfield>
    <subfield code="v">38.00</subfield>
    <subfield code="y">CH</subfield>
    <subfield code="z">v.3</subfield>
  </datafield>
  <datafield tag="952" ind1=" " ind2=" ">
    <subfield code="0">0</subfield>
    <subfield code="1">0</subfield>
    <subfield code="2">ddc</subfield>
    <subfield code="3">v.3</subfield>
    <subfield code="4">0</subfield>
    <subfield code="7">0</subfield>
    <subfield code="8">FIC</subfield>
    <subfield code="a">RKP</subfield>
    <subfield code="b">RKP</subfield>
    <subfield code="d">2009-06-27</subfield>
    <subfield code="e">Vishv Book/C34544/11.5.09/17/23.4.09/3.6.09</subfield>
    <subfield code="g">38.00</subfield>
    <subfield code="l">0</subfield>
    <subfield code="o">S JUN</subfield>
    <subfield code="p">B-329764</subfield>
    <subfield code="r">2009-06-27 00:00:00</subfield>
    <subfield code="t">1</subfield>
    <subfield code="v">38.00</subfield>
    <subfield code="w">2009-06-27</subfield>
    <subfield code="y">CH</subfield>
    <subfield code="z">v.3</subfield>
  </datafield>
  <datafield tag="952" ind1=" " ind2=" ">
    <subfield code="0">0</subfield>
    <subfield code="1">0</subfield>
    <subfield code="2">ddc</subfield>
    <subfield code="3">v.3</subfield>
    <subfield code="4">0</subfield>
    <subfield code="7">0</subfield>
    <subfield code="8">FIC</subfield>
    <subfield code="a">AG</subfield>
    <subfield code="b">AG</subfield>
    <subfield code="d">2009-06-27</subfield>
    <subfield code="e">Vishv Book/C34544/11.5.09/17/23.4.09/3.6.09</subfield>
    <subfield code="g">38.00</subfield>
    <subfield code="l">0</subfield>
    <subfield code="o">S JUN</subfield>
    <subfield code="p">B-329765</subfield>
    <subfield code="r">2009-06-27 00:00:00</subfield>
    <subfield code="t">1</subfield>
    <subfield code="v">38.00</subfield>
    <subfield code="w">2009-06-27</subfield>
    <subfield code="y">CH</subfield>
    <subfield code="z">v.3</subfield>
  </datafield>
  <datafield tag="952" ind1=" " ind2=" ">
    <subfield code="0">0</subfield>
    <subfield code="1">0</subfield>
    <subfield code="2">ddc</subfield>
    <subfield code="3">v.3</subfield>
    <subfield code="4">0</subfield>
    <subfield code="7">0</subfield>
    <subfield code="8">FIC</subfield>
    <subfield code="a">SP</subfield>
    <subfield code="b">SP</subfield>
    <subfield code="d">2009-06-27</subfield>
    <subfield code="e">Vishv Book/C34544/11.5.09/17/23.4.09/3.6.09</subfield>
    <subfield code="g">38.00</subfield>
    <subfield code="l">0</subfield>
    <subfield code="o">S JUN</subfield>
    <subfield code="p">B-329766</subfield>
    <subfield code="r">2009-06-27 00:00:00</subfield>
    <subfield code="t">1</subfield>
    <subfield code="v">38.00</subfield>
    <subfield code="w">2009-06-27</subfield>
    <subfield code="y">CH</subfield>
    <subfield code="z">v.3</subfield>
  </datafield>
  <datafield tag="952" ind1=" " ind2=" ">
    <subfield code="0">0</subfield>
    <subfield code="1">0</subfield>
    <subfield code="2">ddc</subfield>
    <subfield code="3">v.3</subfield>
    <subfield code="4">0</subfield>
    <subfield code="7">0</subfield>
    <subfield code="8">FIC</subfield>
    <subfield code="a">JB</subfield>
    <subfield code="b">JB</subfield>
    <subfield code="d">2009-06-27</subfield>
    <subfield code="e">Vishv Book/C34544/11.5.09/17/23.4.09/3.6.09</subfield>
    <subfield code="g">38.00</subfield>
    <subfield code="l">0</subfield>
    <subfield code="o">S JUN</subfield>
    <subfield code="p">B-329767</subfield>
    <subfield code="r">2009-06-27 00:00:00</subfield>
    <subfield code="t">1</subfield>
    <subfield code="v">38.00</subfield>
    <subfield code="w">2009-06-27</subfield>
    <subfield code="y">CH</subfield>
    <subfield code="z">v.3</subfield>
  </datafield>
  <datafield tag="952" ind1=" " ind2=" ">
    <subfield code="0">0</subfield>
    <subfield code="1">0</subfield>
    <subfield code="2">ddc</subfield>
    <subfield code="3">v.3</subfield>
    <subfield code="4">0</subfield>
    <subfield code="7">0</subfield>
    <subfield code="8">FIC</subfield>
    <subfield code="a">VP</subfield>
    <subfield code="b">VP</subfield>
    <subfield code="d">2009-06-27</subfield>
    <subfield code="e">Vishv Book/C34544/11.5.09/17/23.4.09/3.6.09</subfield>
    <subfield code="g">38.00</subfield>
    <subfield code="l">6</subfield>
    <subfield code="o">S JUN</subfield>
    <subfield code="p">B-329768</subfield>
    <subfield code="r">2016-08-04 00:00:00</subfield>
    <subfield code="s">2016-07-06</subfield>
    <subfield code="t">1</subfield>
    <subfield code="v">38.00</subfield>
    <subfield code="w">2009-06-27</subfield>
    <subfield code="y">CH</subfield>
    <subfield code="z">v.3</subfield>
  </datafield>
  <datafield tag="952" ind1=" " ind2=" ">
    <subfield code="0">0</subfield>
    <subfield code="1">0</subfield>
    <subfield code="2">ddc</subfield>
    <subfield code="3">v.3</subfield>
    <subfield code="4">0</subfield>
    <subfield code="7">0</subfield>
    <subfield code="8">FIC</subfield>
    <subfield code="a">BL3</subfield>
    <subfield code="b">BL3</subfield>
    <subfield code="d">2009-06-27</subfield>
    <subfield code="e">Vishv Book/C34544/11.5.09/17/23.4.09/3.6.09</subfield>
    <subfield code="g">38.00</subfield>
    <subfield code="l">0</subfield>
    <subfield code="o">S JUN</subfield>
    <subfield code="p">B-329769</subfield>
    <subfield code="r">2009-06-27 00:00:00</subfield>
    <subfield code="t">1</subfield>
    <subfield code="v">38.00</subfield>
    <subfield code="w">2009-06-27</subfield>
    <subfield code="y">CH</subfield>
    <subfield code="z">v.3</subfield>
  </datafield>
  <datafield tag="952" ind1=" " ind2=" ">
    <subfield code="0">0</subfield>
    <subfield code="1">0</subfield>
    <subfield code="2">ddc</subfield>
    <subfield code="3">v.3</subfield>
    <subfield code="4">0</subfield>
    <subfield code="7">0</subfield>
    <subfield code="8">FIC</subfield>
    <subfield code="a">BKK</subfield>
    <subfield code="b">BKK</subfield>
    <subfield code="d">2009-06-27</subfield>
    <subfield code="e">Vishv Book/C34544/11.5.09/17/23.4.09/3.6.09</subfield>
    <subfield code="g">38.00</subfield>
    <subfield code="l">0</subfield>
    <subfield code="o">S JUN</subfield>
    <subfield code="p">B-329770</subfield>
    <subfield code="r">2009-06-27 00:00:00</subfield>
    <subfield code="t">1</subfield>
    <subfield code="v">38.00</subfield>
    <subfield code="w">2009-06-27</subfield>
    <subfield code="y">CH</subfield>
    <subfield code="z">v.3</subfield>
  </datafield>
  <datafield tag="952" ind1=" " ind2=" ">
    <subfield code="0">0</subfield>
    <subfield code="1">0</subfield>
    <subfield code="2">ddc</subfield>
    <subfield code="3">v.3</subfield>
    <subfield code="4">0</subfield>
    <subfield code="7">0</subfield>
    <subfield code="8">FIC</subfield>
    <subfield code="a">NR</subfield>
    <subfield code="b">NR</subfield>
    <subfield code="d">2009-06-27</subfield>
    <subfield code="e">Vishv Book/C34544/11.5.09/17/23.4.09/3.6.09</subfield>
    <subfield code="g">38.00</subfield>
    <subfield code="l">0</subfield>
    <subfield code="o">S JUN</subfield>
    <subfield code="p">B-329771</subfield>
    <subfield code="r">2009-06-27 00:00:00</subfield>
    <subfield code="t">1</subfield>
    <subfield code="v">38.00</subfield>
    <subfield code="w">2009-06-27</subfield>
    <subfield code="y">CH</subfield>
    <subfield code="z">v.3</subfield>
  </datafield>
  <datafield tag="952" ind1=" " ind2=" ">
    <subfield code="0">0</subfield>
    <subfield code="1">0</subfield>
    <subfield code="2">ddc</subfield>
    <subfield code="3">v.3</subfield>
    <subfield code="4">0</subfield>
    <subfield code="7">0</subfield>
    <subfield code="8">FIC</subfield>
    <subfield code="a">BN</subfield>
    <subfield code="b">BN</subfield>
    <subfield code="d">2009-06-27</subfield>
    <subfield code="e">Vishv Book/C34544/11.5.09/17/23.4.09/3.6.09</subfield>
    <subfield code="g">38.00</subfield>
    <subfield code="l">0</subfield>
    <subfield code="o">S JUN</subfield>
    <subfield code="p">B-329772</subfield>
    <subfield code="r">2009-06-27 00:00:00</subfield>
    <subfield code="t">1</subfield>
    <subfield code="v">38.00</subfield>
    <subfield code="w">2009-06-27</subfield>
    <subfield code="y">CH</subfield>
    <subfield code="z">v.3</subfield>
  </datafield>
  <datafield tag="952" ind1=" " ind2=" ">
    <subfield code="0">0</subfield>
    <subfield code="1">5</subfield>
    <subfield code="2">ddc</subfield>
    <subfield code="3">v.3</subfield>
    <subfield code="4">0</subfield>
    <subfield code="7">0</subfield>
    <subfield code="8">FIC</subfield>
    <subfield code="a">BL4</subfield>
    <subfield code="b">BL4</subfield>
    <subfield code="d">2009-06-27</subfield>
    <subfield code="e">Vishv Book/C34544/11.5.09/17/23.4.09/3.6.09</subfield>
    <subfield code="g">38.00</subfield>
    <subfield code="l">0</subfield>
    <subfield code="o">S JUN</subfield>
    <subfield code="p">B-329773</subfield>
    <subfield code="r">2009-06-27 00:00:00</subfield>
    <subfield code="t">1</subfield>
    <subfield code="v">38.00</subfield>
    <subfield code="y">CH</subfield>
    <subfield code="z">v.3</subfield>
  </datafield>
  <datafield tag="952" ind1=" " ind2=" ">
    <subfield code="0">0</subfield>
    <subfield code="1">0</subfield>
    <subfield code="2">ddc</subfield>
    <subfield code="3">v.3</subfield>
    <subfield code="4">0</subfield>
    <subfield code="7">0</subfield>
    <subfield code="8">FIC</subfield>
    <subfield code="a">RC3</subfield>
    <subfield code="b">RC3</subfield>
    <subfield code="d">2009-06-27</subfield>
    <subfield code="e">Vishv Book/C34544/11.5.09/17/23.4.09/3.6.09</subfield>
    <subfield code="g">38.00</subfield>
    <subfield code="l">0</subfield>
    <subfield code="o">S JUN</subfield>
    <subfield code="p">B-329774</subfield>
    <subfield code="r">2009-06-27 00:00:00</subfield>
    <subfield code="t">1</subfield>
    <subfield code="v">38.00</subfield>
    <subfield code="w">2009-06-27</subfield>
    <subfield code="y">CH</subfield>
    <subfield code="z">v.3</subfield>
  </datafield>
  <datafield tag="952" ind1=" " ind2=" ">
    <subfield code="0">0</subfield>
    <subfield code="1">0</subfield>
    <subfield code="2">ddc</subfield>
    <subfield code="3">v.1</subfield>
    <subfield code="4">0</subfield>
    <subfield code="7">0</subfield>
    <subfield code="8">FIC</subfield>
    <subfield code="a">JP</subfield>
    <subfield code="b">JP</subfield>
    <subfield code="d">2009-09-14</subfield>
    <subfield code="e">Vishv Books/BB1531/9.9.09/93/2.9.09/11.9.09</subfield>
    <subfield code="g">38.00</subfield>
    <subfield code="l">6</subfield>
    <subfield code="o">S JUN</subfield>
    <subfield code="p">B-357839</subfield>
    <subfield code="r">2018-06-27 00:00:00</subfield>
    <subfield code="s">2010-03-13</subfield>
    <subfield code="t">1</subfield>
    <subfield code="v">38.00</subfield>
    <subfield code="w">2009-09-14</subfield>
    <subfield code="y">CH</subfield>
    <subfield code="z">v.1</subfield>
  </datafield>
  <datafield tag="952" ind1=" " ind2=" ">
    <subfield code="0">0</subfield>
    <subfield code="1">5</subfield>
    <subfield code="2">ddc</subfield>
    <subfield code="3">v.2</subfield>
    <subfield code="4">0</subfield>
    <subfield code="7">0</subfield>
    <subfield code="8">FIC</subfield>
    <subfield code="a">JP</subfield>
    <subfield code="b">JP</subfield>
    <subfield code="d">2009-09-14</subfield>
    <subfield code="e">Vishv Books/BB1531/9.9.09/93/2.9.09/11.9.09</subfield>
    <subfield code="g">38.00</subfield>
    <subfield code="l">4</subfield>
    <subfield code="o">S JUN</subfield>
    <subfield code="p">B-357840</subfield>
    <subfield code="r">2018-06-27 00:00:00</subfield>
    <subfield code="s">2010-03-25</subfield>
    <subfield code="t">1</subfield>
    <subfield code="v">38.00</subfield>
    <subfield code="y">CH</subfield>
    <subfield code="z">v.2</subfield>
  </datafield>
  <datafield tag="952" ind1=" " ind2=" ">
    <subfield code="0">0</subfield>
    <subfield code="1">0</subfield>
    <subfield code="2">ddc</subfield>
    <subfield code="3">v.3</subfield>
    <subfield code="4">0</subfield>
    <subfield code="7">0</subfield>
    <subfield code="8">FIC</subfield>
    <subfield code="a">JP</subfield>
    <subfield code="b">JP</subfield>
    <subfield code="d">2009-09-14</subfield>
    <subfield code="e">Vishv Books/BB1531/9.9.09/93/2.9.09/11.9.09</subfield>
    <subfield code="g">38.00</subfield>
    <subfield code="l">9</subfield>
    <subfield code="o">S JUN</subfield>
    <subfield code="p">B-357841</subfield>
    <subfield code="r">2010-04-07 00:00:00</subfield>
    <subfield code="s">2010-03-22</subfield>
    <subfield code="t">1</subfield>
    <subfield code="v">38.00</subfield>
    <subfield code="w">2009-09-14</subfield>
    <subfield code="y">CH</subfield>
    <subfield code="z">v.3</subfield>
  </datafield>
</record>
